[Event "TCh-CHN"]
[Site "Guangzhou CHN"]
[Date "2010.09.10"]
[Round "10"]
[White "Xu, Jun"]
[Black "Zhao, Jun"]
[Result "0-1"]
[WhiteTitle "GM"]
[BlackTitle "GM"]
[WhiteElo "2513"]
[BlackElo "2575"]
[WhiteTeam "Lanpo JIANGSU"]
[BlackTeam "SHANGDONG Linglong"]
[WhiteFideId "8600031"]
[BlackFideId "8602522"]
[EventDate "2010.05.23"]

1. d4 Nf6 2. c4 g6 3. Nc3 Bg7 4. e4 d6 5. Be2 O-O 6. Nf3 Na6 7. Bf4 Bg4 8. O-O
c5 9. e5 Nh5 10. Be3 cxd4 11. Qxd4 Qc8 12. h3 Be6 13. Nd5 Bxd5 14. cxd5 dxe5 15.
Qa4 Nc7 16. Rfd1 Rd8 17. Qb3 Nf6 18. Rac1 Qb8 19. Bc4 Nce8 20. a4 Nd6 21. Nxe5
Nxc4 22. Nxc4 Rxd5 23. Bd4 Qd8 24. Bxf6 Bxf6 25. Ne3 Rxd1+ 26. Rxd1 Qb6 27. Qxb6
axb6 28. b3 b5 29. axb5 Ra1 30. Rxa1 Bxa1 31. Kf1 f5 32. Ke2 Bd4 33. Nc4 b6 34.
f3 Kf7 35. Kd3 Bg1 36. Ne5+ Ke6 37. Nc6 Kd6 38. Kc4 Bf2 39. Nb4 e6 40. Nc6 Bg1
41. Nb4 h5 42. Nc6 Bc5 43. Nb8 e5 44. Nc6 e4 45. fxe4 fxe4 46. Kc3 Be3 47. Kc4
Ke6 48. Nb4 g5 49. Nd5 Bc5 50. Nc3 Ke5 51. Ne2 Be3 52. Ng3 h4 53. Ne2 Bd2 54.
Nd4 Kf4 55. Kd5 Ke3 56. Nf5+ Kd3 0-1

[Event "TCh-CHN"]
[Site "Guangzhou CHN"]
[Date "2010.09.10"]
[Round "10"]
[White "Guo, Qi"]
[Black "Zhang, Jilin"]
[Result "1/2-1/2"]
[BlackTitle "WGM"]
[WhiteElo "2143"]
[BlackElo "2281"]
[WhiteTeam "Lanpo JIANGSU"]
[BlackTeam "SHANGDONG Linglong"]
[WhiteFideId "8604002"]
[BlackFideId "8602867"]
[EventDate "2010.05.23"]

1. d4 Nf6 2. c4 c5 3. d5 e6 4. Nc3 exd5 5. cxd5 d6 6. e4 g6 7. h3 Bg7 8. Nf3 O-O
9. Bd3 b5 10. Nxb5 Re8 11. O-O Nxe4 12. Re1 a6 13. Rxe4 Rxe4 14. Nxd6 Rb4 15. a3
Qxd6 16. axb4 cxb4 17. Qe2 Bb7 18. Bc4 Nd7 19. Bg5 Nf6 20. Rd1 a5 21. b3 h6 22.
Bh4 Re8 23. Qd3 Nh5 24. Nh2 Bc8 25. Qf3 Bd7 26. Nf1 a4 27. bxa4 Bxa4 28. Bb3
Bxb3 29. Qxb3 Re4 30. g4 Nf4 31. Bg3 Ne2+ 32. Kg2 Nxg3 33. Nxg3 Re8 34. Qc4 Qb6
35. d6 b3 36. Qc7 Qb8 37. d7 Qa8+ 38. Kh2 Rd8 39. Ne4 b2 40. Nc5 Bf6 41. Qd6 Qb8
42. Qxb8 Rxb8 43. Rb1 Rd8 44. Kg2 Bd4 45. Nb3 Bf6 46. Nc5 Bd4 47. Nb3 Bf6 48.
Nc5 1/2-1/2

[Event "TCh-CHN"]
[Site "Guangzhou CHN"]
[Date "2010.09.10"]
[Round "10"]
[White "Wang, Hao"]
[Black "Jia, Haoxiang"]
[Result "1-0"]
[WhiteTitle "GM"]
[WhiteElo "2715"]
[BlackElo "2373"]
[WhiteTeam "HEBEI"]
[BlackTeam "ZHEJIANG"]
[WhiteFideId "8602883"]
[BlackFideId "8602999"]
[EventDate "2010.05.23"]

1. c4 c5 2. Nf3 b6 3. Nc3 Bb7 4. e4 d6 5. d4 cxd4 6. Nxd4 Nf6 7. Qe2 e6 8. g3
Be7 9. Bg2 O-O 10. O-O Qc8 11. Rd1 a6 12. Be3 Nbd7 13. f4 Re8 14. Bf2 g6 15.
Rac1 Bf8 16. e5 Bxg2 17. Kxg2 dxe5 18. fxe5 Nh5 19. Nf3 Qc7 20. Ne4 Red8 21. Bd4
Qc6 22. Qe3 Ng7 23. g4 Ne8 24. Kg3 Nc5 25. Nxc5 Bxc5 26. Bxc5 Qxc5 27. Qxc5 bxc5
28. Ng5 Kf8 29. Rxd8 Rxd8 30. Rf1 Rd3+ 31. Rf3 Rxf3+ 32. Kxf3 Ke7 33. Nxh7 a5
34. Ng5 f5 35. exf6+ Nxf6 36. Ne4 Nd7 37. Kf4 Kf7 38. b3 Kg7 39. h4 e5+ 40. Kf3
Kf7 41. Nd6+ Ke7 42. Nb7 a4 43. bxa4 Nb6 44. a5 Nxc4 45. a6 1-0

[Event "TCh-CHN"]
[Site "Guangzhou CHN"]
[Date "2010.09.10"]
[Round "10"]
[White "Ding, Liren"]
[Black "Zhang, Pengxiang"]
[Result "1-0"]
[WhiteTitle "GM"]
[BlackTitle "GM"]
[WhiteElo "2565"]
[BlackElo "2605"]
[WhiteTeam "ZHEJIANG"]
[BlackTeam "HEBEI"]
[WhiteFideId "8603677"]
[BlackFideId "8600970"]
[EventDate "2010.05.23"]

1. d4 Nf6 2. Nf3 e6 3. c4 b6 4. g3 Bb4+ 5. Nbd2 Bb7 6. Bg2 O-O 7. O-O d5 8. cxd5
Bxd5 9. Qc2 c5 10. e4 Bxd2 11. exd5 Bxc1 12. dxe6 Bh6 13. Nh4 Na6 14. Qe2 fxe6
15. Qxa6 Rc8 16. Rad1 c4 17. Rfe1 Nd5 18. Bh3 Nc7 19. Qxc4 Qf6 20. Nf5 Kh8 21.
Nd6 Qxf2+ 22. Kh1 Qxb2 23. Re2 Qa3 24. Nxc8 Rxc8 25. Rf1 Qd6 26. Rxe6 1-0

[Event "TCh-CHN"]
[Site "Guangzhou CHN"]
[Date "2010.09.10"]
[Round "10"]
[White "Wan, Yunguo"]
[Black "Lu, Shanglei"]
[Result "1-0"]
[WhiteElo "2424"]
[BlackElo "2340"]
[WhiteTeam "HEBEI"]
[BlackTeam "ZHEJIANG"]
[WhiteFideId "8603189"]
[BlackFideId "8603332"]
[EventDate "2010.05.23"]

1. e4 c5 2. Nf3 d6 3. d4 cxd4 4. Nxd4 Nf6 5. Nc3 g6 6. Be3 Bg7 7. f3 O-O 8. Qd2
Nc6 9. Bc4 Bd7 10. h4 h5 11. O-O-O Ne5 12. Bb3 Rc8 13. Bg5 Rc5 14. Rhe1 Qa5 15.
Kb1 Re8 16. f4 Nc4 17. Bxc4 Rxc4 18. Nb3 Qa6 19. e5 Nh7 20. exd6 Bxc3 21. bxc3
Nxg5 22. hxg5 exd6 23. Rxe8+ Bxe8 24. f5 gxf5 25. Qd5 Rf4 26. g6 Rf1 27. Kb2
Rxd1 28. gxf7+ Bxf7 29. Qxd1 Kh7 30. Qf3 Qb5 31. a4 Qd5 32. Qf2 a6 33. Nd4 Qa2+
34. Kc1 Bg6 35. Qh4 Qf7 36. Qd8 d5 37. Qd6 f4 38. Qe5 Be4 39. Ne6 Kh6 40. Qg5+
Kh7 41. Nxf4 Qf5 42. Qe7+ Kh6 43. g3 Qg5 44. Qf8+ Kh7 45. Qf7+ Kh6 46. Qe6+ Bg6
47. Qe3 Be4 48. Kb2 Kh7 49. a5 Qg4 50. Qb6 Qxg3 51. Nxh5 Qe5 52. Nf6+ Kh8 53.
Qd4 Qxd4 54. cxd4 Bf3 55. Ne8 Be2 56. Nd6 Kg7 57. Ka3 1-0

[Event "TCh-CHN"]
[Site "Guangzhou CHN"]
[Date "2010.09.10"]
[Round "10"]
[White "Xu, Yuhua"]
[Black "Wang, Doudou"]
[Result "1-0"]
[WhiteTitle "GM"]
[WhiteElo "2478"]
[BlackElo "2225"]
[WhiteTeam "ZHEJIANG"]
[BlackTeam "HEBEI"]
[WhiteFideId "8600635"]
[BlackFideId "8603197"]
[EventDate "2010.05.23"]

1. e4 e5 2. Nf3 Nc6 3. Bb5 a6 4. Ba4 Nf6 5. O-O b5 6. Bb3 Bc5 7. a4 Rb8 8. c3 d6
9. d4 Bb6 10. a5 Ba7 11. h3 O-O 12. Be3 exd4 13. cxd4 d5 14. e5 Ne4 15. Nc3 Nxc3
16. bxc3 Bf5 17. Qd2 h6 18. Rfd1 Qd7 19. Ne1 Ne7 20. Nd3 Bxd3 21. Qxd3 f5 22. e6
Qxe6 23. Bf4 Rbc8 24. Qg3 c6 25. Re1 Qf6 26. Be5 Qf7 27. Bd6 Rfe8 28. Bc2 Ng6
29. h4 Re6 30. Rxe6 Qxe6 31. h5 Nf8 32. Be5 Qf7 33. Bxf5 Rd8 34. Re1 Re8 35. Re3
Bb8 36. Bg6 Nxg6 37. hxg6 Qf8 38. Rf3 1-0

[Event "TCh-CHN"]
[Site "Guangzhou CHN"]
[Date "2010.09.10"]
[Round "10"]
[White "Zhai, Mo"]
[Black "Ding, Yixin"]
[Result "0-1"]
[WhiteTitle "WFM"]
[BlackTitle "WFM"]
[WhiteElo "2110"]
[BlackElo "2315"]
[WhiteTeam "HEBEI"]
[BlackTeam "ZHEJIANG"]
[WhiteFideId "8600201"]
[BlackFideId "8602972"]
[EventDate "2010.05.23"]

1. e4 c5 2. Nf3 d6 3. d4 cxd4 4. Nxd4 Nf6 5. Nc3 a6 6. Be2 e5 7. Nb3 Be7 8. O-O
O-O 9. Re1 Be6 10. Bf3 Nbd7 11. a4 Rc8 12. Nd2 h6 13. Nf1 Rc4 14. Bd2 Qc7 15.
Ne3 Rc5 16. Ra3 Nb6 17. Qa1 Nc4 18. Nxc4 Rxc4 19. Be2 Rc6 20. b4 d5 21. exd5
Nxd5 22. b5 axb5 23. axb5 Rc5 24. Nxd5 Rxd5 25. Rd3 Rfd8 26. Bc3 Rc5 27. Bb4
Rxc2 28. b6 Qxb6 29. Ba5 Qa7 30. Bxd8 Rxe2 31. Rf1 Qxa1 32. Rxa1 Bc5 33. Bh4 Bd4
34. Ra8+ Kh7 35. h3 f5 36. Re8 Bc4 37. Rf3 f4 38. Re7 Kg6 39. Rd7 Rd2 40. Rxb7
Bd5 41. Rb4 Bxf3 42. gxf3 Kh5 43. Be7 Bxf2+ 44. Kf1 Bd4 45. Rb3 g5 46. Bf8 Be3
47. Rb5 Rf2+ 48. Ke1 Rxf3 49. Rxe5 Rxh3 50. Re6 Kg4 51. Rxh6 Rxh6 52. Bxh6 f3
53. Kf1 Kh5 54. Bf8 g4 0-1

[Event "TCh-CHN"]
[Site "Guangzhou CHN"]
[Date "2010.09.10"]
[Round "10"]
[White "Yu, Yangyi"]
[Black "Zeng, Chongsheng"]
[Result "1-0"]
[WhiteTitle "GM"]
[WhiteElo "2574"]
[BlackElo "2350"]
[WhiteTeam "BEIJING Aigo"]
[BlackTeam "BEIJING Rendafuzhong"]
[WhiteFideId "8603820"]
[BlackFideId "8603847"]
[EventDate "2010.05.23"]

1. e4 c5 2. Nf3 d6 3. d4 cxd4 4. Nxd4 Nf6 5. Nc3 e6 6. g4 a6 7. g5 Nfd7 8. Be3
b5 9. f4 Bb7 10. Bg2 Nb6 11. O-O N8d7 12. Kh1 Be7 13. f5 e5 14. Ne6 fxe6 15.
Qh5+ 1-0

[Event "TCh-CHN"]
[Site "Guangzhou CHN"]
[Date "2010.09.10"]
[Round "10"]
[White "Liu, Qingnan"]
[Black "Wang, Chen"]
[Result "1-0"]
[WhiteTitle "IM"]
[WhiteElo "2445"]
[BlackElo "2390"]
[WhiteTeam "TIANJIN Nan Kai"]
[BlackTeam "China Mobile CHONGQING"]
[WhiteFideId "8603294"]
[BlackFideId "8601020"]
[EventDate "2010.05.23"]

1. e4 c5 2. Nf3 e6 3. c3 d5 4. exd5 exd5 5. d4 Nc6 6. Bb5 Bd6 7. dxc5 Bxc5 8.
O-O Ne7 9. Nbd2 O-O 10. Nb3 Bb6 11. Bd3 Bf5 12. Re1 Qd6 13. Be3 Bxe3 14. Rxe3
Rfe8 15. Nbd4 Bg6 16. Qe2 Nxd4 17. Nxd4 Bxd3 18. Qxd3 Nc6 19. Rae1 Rxe3 20. Qxe3
g6 21. g3 Qd7 22. Kg2 Rd8 23. h4 h5 24. Nf3 d4 25. Qh6 Qd5 26. c4 Qf5 27. Ng5
Qf6 28. Qh7+ Kf8 29. Re4 Ne7 30. Qh6+ Ke8 31. Nh7 Qd6 32. Qf8+ Kd7 33. Qxf7 d3
34. Nf6+ Kc8 35. Rxe7 d2 36. Nd5 1-0

[Event "TCh-CHN"]
[Site "Guangzhou CHN"]
[Date "2010.09.10"]
[Round "10"]
[White "Wang, Yu A."]
[Black "Li, Xueyi"]
[Result "1-0"]
[WhiteTitle "IM"]
[WhiteElo "2335"]
[BlackElo "1957"]
[WhiteTeam "BEIJING Aigo"]
[BlackTeam "BEIJING Rendafuzhong"]
[WhiteFideId "8601097"]
[BlackFideId "8605912"]
[EventDate "2010.05.23"]

1. e4 c6 2. d4 d5 3. exd5 cxd5 4. Bd3 Nc6 5. c3 Nf6 6. Bf4 g6 7. Nf3 Bg7 8. O-O
O-O 9. Re1 a6 10. h3 b5 11. Ne5 Bb7 12. Nd2 Nh5 13. Bh2 Nxe5 14. dxe5 Bh6 15.
Nf3 Nf4 16. Bxf4 Bxf4 17. a4 bxa4 18. Qxa4 Bh6 19. e6 Bg7 20. Qb4 Qc7 21. exf7+
Rxf7 22. Ng5 e5 23. Nxf7 Qxf7 24. Qb6 Rf8 25. Bxa6 Ba8 26. Bf1 d4 27. f3 Kh8 28.
Ra7 Qf4 29. Qc7 Qh6 30. Rxe5 dxc3 31. bxc3 Bf6 32. Re7 1-0

[Event "TCh-CHN"]
[Site "Guangzhou CHN"]
[Date "2010.09.10"]
[Round "10"]
[White "Xu, Ruoying"]
[Black "Wang, Jue"]
[Result "0-1"]
[WhiteElo "2028"]
[BlackElo "2180"]
[WhiteTeam "BEIJING Rendafuzhong"]
[BlackTeam "BEIJING Aigo"]
[WhiteFideId "8603707"]
[BlackFideId "8604070"]
[EventDate "2010.05.23"]

1. d4 g6 2. Nf3 Bg7 3. c4 d6 4. Nc3 Nd7 5. g3 e5 6. Bg2 Ne7 7. O-O O-O 8. dxe5
dxe5 9. Bg5 h6 10. Bxe7 Qxe7 11. Nd5 Qd8 12. e4 c6 13. Ne3 Qb6 14. Rb1 Nc5 15.
Qc2 a5 16. Rfd1 Ne6 17. h3 Qc5 18. Qa4 Nd4 19. Nxd4 exd4 20. b4 axb4 21. Qxa8
dxe3 22. Qa4 exf2+ 23. Kh2 Bc3 24. Qc2 Qxc4 25. Qxf2 Be6 26. Qf4 Qxa2 27. Qxh6
Bb3 28. Rf1 Bc2 29. Rbc1 Bxe4 0-1

[Event "TCh-CHN"]
[Site "Guangzhou CHN"]
[Date "2010.09.10"]
[Round "10"]
[White "Gao, Rui"]
[Black "Li, Haoyu"]
[Result "1/2-1/2"]
[WhiteTitle "IM"]
[WhiteElo "2464"]
[BlackElo "2369"]
[WhiteTeam "China Mobile CHONGQING"]
[BlackTeam "TIANJIN Nan Kai"]
[WhiteFideId "8602387"]
[BlackFideId "8601488"]
[EventDate "2010.05.23"]

1. e4 e5 2. Nf3 Nf6 3. Nxe5 d6 4. Nf3 Nxe4 5. d4 d5 6. Bd3 Be7 7. Nbd2 Nxd2 8.
Bxd2 Nc6 9. c3 Bg4 10. O-O O-O 11. Bf4 Bd6 12. Bxd6 Qxd6 13. Re1 Qf6 14. Be2
Rfe8 15. h3 Bxf3 16. Bxf3 Rxe1+ 17. Qxe1 Ne7 18. Qd1 c6 19. Qb3 b6 20. Re1 Qd6
21. Qa4 a5 22. Qb3 Rb8 23. a4 g6 24. g3 h5 25. Re5 Kg7 26. Qc2 f6 27. Re1 Qd7
28. Kg2 Nf5 29. Qd3 Nd6 30. b3 Nf5 31. Bd1 Nd6 32. Bf3 Nf5 33. Bd1 Nd6 34. Bf3
Nf5 1/2-1/2

[Event "TCh-CHN"]
[Site "Guangzhou CHN"]
[Date "2010.09.10"]
[Round "10"]
[White "Huang, Qian"]
[Black "Ning, Chunhong"]
[Result "0-1"]
[WhiteTitle "WGM"]
[BlackTitle "WGM"]
[WhiteElo "2439"]
[BlackElo "2347"]
[WhiteTeam "China Mobile CHONGQING"]
[BlackTeam "TIANJIN Nan Kai"]
[WhiteFideId "8602689"]
[BlackFideId "8600376"]
[EventDate "2010.05.23"]

1. d4 Nf6 2. Nf3 c5 3. g3 cxd4 4. Nxd4 Nc6 5. Bg2 g6 6. O-O Bg7 7. c4 O-O 8. Nc3
Nxd4 9. Qxd4 d6 10. Qd3 a6 11. Bd2 Rb8 12. Rac1 Bf5 13. e4 Be6 14. b3 Qd7 15.
Rfd1 b5 16. cxb5 axb5 17. Nd5 Nxd5 18. exd5 Bf5 19. Be4 Bg4 20. Re1 Rfc8 21. Qe3
Bf6 22. Bb4 Ra8 23. Rxc8+ Qxc8 24. Rc1 Qd7 25. Rc2 Bf5 26. Bd3 h5 27. a3 h4 28.
Rc6 hxg3 29. hxg3 Bxd3 30. Qxd3 Rb8 31. Qf3 Be5 32. Qe4 Qa7 33. Kg2 Kg7 34. Bc5
Qd7 35. Bd4 f6 36. Rb6 Rh8 37. Bxe5 fxe5 38. Rc6 Qh3+ 39. Kg1 Qh5 40. g4 Qh2+
41. Kf1 Qh3+ 42. Ke2 Qxb3 43. Rc7 Kf7 44. g5 Qxa3 45. Rc2 Qb3 46. Kd2 Rh2 47.
Ke2 Qg3 48. Qe3 Qxe3+ 49. Kxe3 Rh4 50. Rb2 b4 51. f3 Rd4 52. Rb1 e6 53. dxe6+
Kxe6 54. Rh1 b3 0-1

[Event "TCh-CHN"]
[Site "Guangzhou CHN"]
[Date "2010.09.10"]
[Round "10"]
[White "Cai, Jiaying"]
[Black "Tan, Zhongyi"]
[Result "1/2-1/2"]
[BlackTitle "WGM"]
[WhiteElo "2068"]
[BlackElo "2464"]
[WhiteTeam "TIANJIN Nan Kai"]
[BlackTeam "China Mobile CHONGQING"]
[WhiteFideId "8604312"]
[BlackFideId "8603642"]
[EventDate "2010.05.23"]

1. e4 d6 2. d4 Nf6 3. Nc3 g6 4. Nf3 Bg7 5. h3 c6 6. Be3 O-O 7. Qd2 b5 8. Bd3
Nbd7 9. O-O Qc7 10. Ne2 c5 11. c3 e5 12. a4 Bb7 13. Ng3 d5 14. Nxe5 cxd4 15.
Nxd7 Nxe4 16. Nxe4 dxe4 17. Bxd4 Qxd7 18. Bxb5 Qd6 19. Rfd1 Rad8 20. Qe2 Qf4 21.
Be3 Qc7 22. Bxa7 Kh8 23. a5 Rxd1+ 24. Qxd1 Ba8 25. Bb6 Qe5 26. Qe2 f5 27. Bd4
Qc7 28. Bxg7+ Kxg7 29. Qc4 Qd8 30. Bc6 Qd2 31. Bxa8 Qxb2 32. Rd1 Rxa8 33. Qc7+
Kg8 34. Qc4+ Kg7 35. Qd4+ Kh6 36. Qe3+ Kg7 37. Rd7+ Kf6 38. Qd4+ Kg5 39. f4+
Kxf4 40. Qd6+ Kg5 41. Qg3+ Kf6 42. Rd6+ Kf7 43. Qe5 Qb1+ 44. Kf2 Qb7 45. Qe6+
Kf8 46. Qf6+ Kg8 47. Qe6+ Kf8 48. Rd7 Qb2+ 49. Kg3 Qb8+ 50. Kf2 Qb2+ 51. Kg1
Qc1+ 52. Kf2 Qb2+ 53. Kg1 Qc1+ 54. Kf2 Qb2+ 1/2-1/2

[Event "TCh-CHN"]
[Site "Guangzhou CHN"]
[Date "2010.09.10"]
[Round "10"]
[White "Le, Thanh Tu"]
[Black "Ju, Wenjun"]
[Result "1/2-1/2"]
[WhiteTitle "WGM"]
[BlackTitle "WGM"]
[WhiteElo "2318"]
[BlackElo "2500"]
[WhiteTeam "GUANGDONG Huateng"]
[BlackTeam "SHANGHAI Jianqiao"]
[WhiteFideId "12401005"]
[BlackFideId "8603006"]
[EventDate "2010.05.23"]

1. d4 Nf6 2. c4 g6 3. Nc3 Bg7 4. e4 d6 5. Nf3 O-O 6. h3 e5 7. d5 Nh5 8. g3 Qe8
9. Be2 f5 10. exf5 gxf5 11. Ng5 Nf6 12. Be3 Na6 13. Qd2 Bd7 14. O-O-O Nc5 15. g4
b6 16. Rdg1 Kh8 17. Bd1 h6 18. Ne6 Bxe6 19. dxe6 f4 20. Bxc5 dxc5 21. Bf3 Rd8
22. Qe2 Qxe6 23. g5 hxg5 24. Rxg5 e4 25. Nxe4 Nxe4 26. Qxe4 Qxe4 27. Bxe4 Bh6
28. Rg6 Rd6 29. Rxd6 cxd6 30. Rg1 Bg7 31. f3 Rf6 32. Rg6 Rxg6 1/2-1/2

[Event "TCh-CHN"]
[Site "Guangzhou CHN"]
[Date "2010.09.10"]
[Round "10"]
[White "Zhang, Xiaowen"]
[Black "Xu, Huahua"]
[Result "1-0"]
[WhiteTitle "WGM"]
[WhiteElo "2437"]
[BlackElo "2082"]
[WhiteTeam "SHANGHAI Jianqiao"]
[BlackTeam "GUANGDONG Huateng"]
[WhiteFideId "8603219"]
[BlackFideId "8604096"]
[EventDate "2010.05.23"]

1. e4 c6 2. d4 d5 3. e5 g6 4. f4 Bg7 5. Nf3 Bf5 6. Be3 h5 7. Nbd2 Nh6 8. h3 O-O
9. Be2 Nd7 10. c3 Rc8 11. Nh2 c5 12. g4 cxd4 13. Bxd4 hxg4 14. hxg4 Be4 15. Nxe4
dxe4 16. Qc2 Nc5 17. Bxc5 Rxc5 18. Qxe4 Qd5 19. Qxd5 Rxd5 20. Nf1 Rfd8 21. Ne3
Rd2 22. Rd1 Rxd1+ 23. Bxd1 e6 24. Bf3 b5 25. Rh2 Rd3 26. Ke2 Rd8 27. Rh1 Bf8 28.
a3 a5 29. Rd1 Rb8 30. Rd7 Bc5 31. b4 Bb6 32. Rb7 Rxb7 33. Bxb7 axb4 34. cxb4 Bd4
35. Nc2 Bc3 36. Kf3 Kf8 37. Bc6 Ng8 38. Bxb5 Ne7 39. Ke4 Nd5 40. Bc4 Nb6 41. Bb3
g5 42. fxg5 Nd7 43. Nd4 Bb2 44. a4 Bc3 45. Nc6 Bxb4 46. Nxb4 Nc5+ 47. Kd4 Nxb3+
48. Kc4 Nd2+ 49. Kb5 Nb3 50. Nc6 Kg7 51. Kb4 Nc1 52. a5 Nd3+ 53. Kc4 Nb2+ 54.
Kb5 Nd1 55. Nb4 Nc3+ 56. Kc6 Ne2 57. a6 Nd4+ 58. Kb6 1-0

[Event "TCh-CHN"]
[Site "Guangzhou CHN"]
[Date "2010.09.11"]
[Round "11"]
[White "Zhou, Weiqi"]
[Black "Liang, Chong"]
[Result "1/2-1/2"]
[WhiteTitle "GM"]
[BlackTitle "GM"]
[WhiteElo "2584"]
[BlackElo "2502"]
[WhiteTeam "Lanpo JIANGSU"]
[BlackTeam "GUANGDONG Huateng"]
[WhiteFideId "8601674"]
[BlackFideId "8600899"]
[EventDate "2010.05.23"]

1. d4 d5 2. c4 e6 3. Nf3 c6 4. Bg5 Be7 5. Bxe7 Nxe7 6. Nbd2 O-O 7. e3 Nd7 8. Bd3
c5 9. cxd5 exd5 10. Qc2 cxd4 11. Nxd4 Nf6 12. O-O Be6 13. Qc5 Nd7 14. Qd6 Nb6
15. Qg3 Bd7 16. Rac1 Nc6 17. N2f3 Nxd4 18. Nxd4 Rc8 19. b3 g6 20. h3 Rxc1 21.
Rxc1 Qb8 22. Qxb8 Rxb8 23. Rc7 Kf8 24. Nb5 Bxb5 25. Bxb5 Na8 26. Rc2 Ke7 27. g4
h6 28. f4 Kd6 29. e4 dxe4 30. Rd2+ Ke6 31. Rd4 f5 32. Bc4+ Ke7 33. gxf5 gxf5 34.
Rd5 Nb6 35. Rxf5 Nxc4 36. bxc4 Rd8 37. Kf2 Rd3 38. Rh5 Kf6 39. Rxh6+ 1/2-1/2

[Event "TCh-CHN"]
[Site "Guangzhou CHN"]
[Date "2010.09.11"]
[Round "11"]
[White "Li, Shilong"]
[Black "Xu, Jun"]
[Result "1/2-1/2"]
[WhiteTitle "GM"]
[BlackTitle "GM"]
[WhiteElo "2514"]
[BlackElo "2513"]
[WhiteTeam "GUANGDONG Huateng"]
[BlackTeam "Lanpo JIANGSU"]
[WhiteFideId "8600678"]
[BlackFideId "8600031"]
[EventDate "2010.05.23"]

1. d4 Nf6 2. c4 e6 3. Nf3 d5 4. Nc3 dxc4 5. e4 Bb4 6. Bxc4 Nxe4 7. O-O Nxc3 8.
bxc3 Be7 9. Qe2 O-O 10. Rd1 Nd7 11. Bf4 Bd6 12. Ne5 Qe7 13. Re1 c5 14. Qg4 cxd4
15. cxd4 Nb6 16. Bd3 Nd5 17. Bg3 f5 18. Qh5 Bb4 19. Re2 Bc3 20. Rd1 Bxd4 21. Bc4
Qc5 22. Bxd5 exd5 23. Red2 f4 24. Nd3 Qc4 25. Nxf4 Bb6 26. Nxd5 Bg4 27. Ne7+ Kh8 1/2-1/2

[Event "TCh-CHN"]
[Site "Guangzhou CHN"]
[Date "2010.09.11"]
[Round "11"]
[White "Shen, Yang"]
[Black "Le, Thanh Tu"]
[Result "1-0"]
[WhiteTitle "WGM"]
[BlackTitle "WGM"]
[WhiteElo "2444"]
[BlackElo "2318"]
[WhiteTeam "Lanpo JIANGSU"]
[BlackTeam "GUANGDONG Huateng"]
[WhiteFideId "8603162"]
[BlackFideId "12401005"]
[EventDate "2010.05.23"]

1. d4 Nf6 2. c4 c5 3. d5 e6 4. Nc3 exd5 5. cxd5 d6 6. e4 g6 7. f4 Bg7 8. Bb5+
Nfd7 9. Nf3 O-O 10. O-O a6 11. Bd3 b5 12. Be3 Re8 13. Re1 Bb7 14. Qc2 Nf6 15.
Kh1 Nbd7 16. a3 Rc8 17. Bf2 Nh5 18. g3 Nhf6 19. Rad1 Qc7 20. Bf1 Qb8 21. Bh3
Rcd8 22. b4 c4 23. Bg2 Re7 24. h3 Rde8 25. Nd4 Nxd5 26. Ndxb5 Nxb4 27. axb4 axb5
28. Nxb5 Bxe4 29. Rxe4 Rxe4 30. Nxd6 Re2 31. Qxc4 R8e7 32. Nc8 Nf8 33. Nxe7+
Rxe7 34. b5 Ne6 35. b6 h5 36. h4 Bf6 37. Rc1 Kg7 38. Qc8 Re8 39. b7 1-0

[Event "TCh-CHN"]
[Site "Guangzhou CHN"]
[Date "2010.09.11"]
[Round "11"]
[White "Kuang, Yinghui"]
[Black "Guo, Qi"]
[Result "0-1"]
[WhiteTitle "WIM"]
[WhiteElo "2202"]
[BlackElo "2143"]
[WhiteTeam "GUANGDONG Huateng"]
[BlackTeam "Lanpo JIANGSU"]
[WhiteFideId "8600988"]
[BlackFideId "8604002"]
[EventDate "2010.05.23"]

1. e4 e6 2. d3 d5 3. Nd2 Nf6 4. g3 b6 5. Bg2 Bb7 6. e5 Nfd7 7. d4 c5 8. c3 Nc6
9. Ne2 Ba6 10. Nf3 cxd4 11. cxd4 Bb4+ 12. Bd2 Rc8 13. O-O O-O 14. Rc1 Ndb8 15.
a3 Bxd2 16. Qxd2 Na5 17. Rxc8 Qxc8 18. Re1 Bxe2 19. Rxe2 Qc7 20. b4 Nc4 21. Qd3
h6 22. Rc2 Qe7 23. Bf1 b5 24. Qc3 Nc6 25. Nd2 a5 26. bxa5 Ra8 27. a4 b4 28. Qa1
N6xa5 29. Nxc4 dxc4 30. Bxc4 b3 31. Rc3 Qb4 32. Bxb3 Nxb3 33. Qb2 Rb8 34. a5 Kh7
35. Qb1+ g6 36. Rc7 Kg7 37. a6 Nxd4 38. Qxb4 Rxb4 39. a7 Rb1+ 40. Kg2 Ra1 0-1

[Event "TCh-CHN"]
[Site "Guangzhou CHN"]
[Date "2010.09.11"]
[Round "11"]
[White "Gao, Rui"]
[Black "Zhou, Jianchao"]
[Result "1/2-1/2"]
[WhiteTitle "IM"]
[BlackTitle "GM"]
[WhiteElo "2464"]
[BlackElo "2650"]
[WhiteTeam "China Mobile CHONGQING"]
[BlackTeam "SHANGHAI Jianqiao"]
[WhiteFideId "8602387"]
[BlackFideId "8603537"]
[EventDate "2010.05.23"]

1. e4 c5 2. Nf3 d6 3. d4 cxd4 4. Nxd4 Nf6 5. Nc3 a6 6. Bg5 Nbd7 7. Bc4 Qb6 8.
Bb3 e6 9. Bxf6 Nxf6 10. f4 g6 11. Qd2 Bh6 12. O-O-O Bd7 13. Kb1 O-O-O 14. Rhf1
Kb8 15. Qd3 Bg7 16. h3 Qc5 17. g4 d5 18. e5 Ne8 19. Qg3 Nc7 20. f5 gxf5 21. gxf5
Rdg8 22. fxe6 Bxe6 23. Nce2 Bf6 24. Qh2 Bh4 25. Rg1 Qf8 26. Qf4 Be7 27. Nf5 Bc5
28. Rgf1 h6 29. Ned4 Rg6 30. Qd2 Qd8 31. Qc3 Bxd4 32. Qxd4 f6 1/2-1/2

[Event "TCh-CHN"]
[Site "Guangzhou CHN"]
[Date "2010.09.11"]
[Round "11"]
[White "Tan, Zhongyi"]
[Black "Zhang, Xiaowen"]
[Result "1-0"]
[WhiteTitle "WGM"]
[BlackTitle "WGM"]
[WhiteElo "2464"]
[BlackElo "2437"]
[WhiteTeam "China Mobile CHONGQING"]
[BlackTeam "SHANGHAI Jianqiao"]
[WhiteFideId "8603642"]
[BlackFideId "8603219"]
[EventDate "2010.05.23"]

1. d4 Nf6 2. Nf3 g6 3. c4 Bg7 4. Nc3 O-O 5. Bg5 d6 6. e3 c6 7. Be2 a6 8. O-O b5
9. a3 Nbd7 10. Rc1 bxc4 11. Bxc4 Bb7 12. Qe2 c5 13. Rfd1 cxd4 14. exd4 Nb6 15.
Bd3 Qd7 16. h3 Rfe8 17. b4 Nfd5 18. Nxd5 Bxd5 19. Bxa6 Bxf3 20. gxf3 Qxh3 21.
Bb7 Qf5 22. Bh4 Rxa3 23. Bc6 Rc8 24. Qxe7 d5 25. Qb7 Rxf3 26. Bd7 Rxc1 27. Bxf5
Rxd1+ 28. Kg2 Rxf5 29. Qb8+ Bf8 30. Qxb6 h5 31. Qb8 Kg7 32. Bg3 h4 33. Be5+ f6
34. Qc7+ Kg8 35. Bh2 Rd2 36. Bf4 Rxd4 37. Be3 Rxb4 38. Qc8 d4 39. Bh6 Kh7 40.
Bxf8 h3+ 41. Kh2 Rxf2+ 42. Kg3 g5 43. Bxb4 Rf4 44. Qxh3+ Kg6 45. Qe6 Rh4 46.
Qg8+ Kf5 47. Qd5+ Kg6 48. Bc5 Rf4 49. Bxd4 Rf1 50. Bf2 Ra1 51. Qe4+ Kg7 52. Bd4
Rf1 53. Qe2 Rf4 54. Qe7+ Kg6 55. Be3 Rh4 56. Qe6 Rb4 57. Qg8+ Kf5 58. Qc8+ Kg6
59. Qc2+ Kh6 60. Bc5 Rb8 61. Kg4 Kg7 62. Kf5 1-0